<?xml version="1.0" encoding="UTF-8"?>
<record
    xmlns:xsi="http://www.w3.org/2001/XMLSchema-instance"
    xsi:schemaLocation="http://www.loc.gov/MARC21/slim http://www.loc.gov/standards/marcxml/schema/MARC21slim.xsd"
    xmlns="http://www.loc.gov/MARC21/slim">

  <leader>02557nam a2200589 a 4500</leader>
  <controlfield tag="005">20240430094201.0</controlfield>
  <controlfield tag="008">100315s2013||||sp a   f |||| 001 0 spa d</controlfield>
  <datafield tag="020" ind1=" " ind2=" ">
    <subfield code="a">9788498353594</subfield>
  </datafield>
  <datafield tag="041" ind1=" " ind2=" ">
    <subfield code="a">spa</subfield>
  </datafield>
  <datafield tag="092" ind1=" " ind2=" ">
    <subfield code="c">616.8083</subfield>
    <subfield code="l">10</subfield>
    <subfield code="s">CAM</subfield>
  </datafield>
  <datafield tag="100" ind1="1" ind2=" ">
    <subfield code="a">Campistol Plana, Jaume.</subfield>
    <subfield code="9">458</subfield>
    <subfield code="e">Dir.</subfield>
  </datafield>
  <datafield tag="245" ind1=" " ind2=" ">
    <subfield code="a">Neurolog&#xED;a para pediatras.</subfield>
    <subfield code="b">Enfoque y manejo pr&#xE1;ctico /</subfield>
    <subfield code="c">Jaume Campistol Plana</subfield>
  </datafield>
  <datafield tag="250" ind1=" " ind2=" ">
    <subfield code="a">1a ed.</subfield>
  </datafield>
  <datafield tag="260" ind1=" " ind2=" ">
    <subfield code="a">Madrid: </subfield>
    <subfield code="b">Editorial M&#xE9;dica Panamericana;</subfield>
    <subfield code="c">2011.</subfield>
  </datafield>
  <datafield tag="300" ind1=" " ind2=" ">
    <subfield code="a">494 p.</subfield>
    <subfield code="c">19x27 cm.</subfield>
    <subfield code="b">il.</subfield>
  </datafield>
  <datafield tag="500" ind1=" " ind2=" ">
    <subfield code="a">Campistol Plana, J. (Dir.). et al. (2011). Neurolog&#xED;a para pediatras. Enfoque y manejo pr&#xE1;ctico. (1a ed.). Madrid : Editorial M&#xE9;dica Panamericana.</subfield>
  </datafield>
  <datafield tag="653" ind1=" " ind2=" ">
    <subfield code="a">Aspectos generales de neurolog&#xED;a pedi&#xE1;trica</subfield>
  </datafield>
  <datafield tag="653" ind1=" " ind2=" ">
    <subfield code="a">Neurolog&#xED;a fetal y neonatal</subfield>
  </datafield>
  <datafield tag="653" ind1=" " ind2=" ">
    <subfield code="a">Variaciones en el tama&#xF1;o de la cabeza.Microcefalia.Macrocefalia</subfield>
  </datafield>
  <datafield tag="653" ind1=" " ind2=" ">
    <subfield code="a">Variaciones de la forma de la cabeza</subfield>
  </datafield>
  <datafield tag="653" ind1=" " ind2=" ">
    <subfield code="a">Malformaciones del sistema nerviosos central</subfield>
  </datafield>
  <datafield tag="653" ind1=" " ind2=" ">
    <subfield code="a">Desarrollo psicomotor.Retardo de desarrollo</subfield>
  </datafield>
  <datafield tag="653" ind1=" " ind2=" ">
    <subfield code="a">Par&#xE1;lisis cerebral infantil</subfield>
  </datafield>
  <datafield tag="653" ind1=" " ind2=" ">
    <subfield code="a">Retraso mental</subfield>
  </datafield>
  <datafield tag="653" ind1=" " ind2=" ">
    <subfield code="a">Autismo.Trastornos generalizados del desarrollo</subfield>
  </datafield>
  <datafield tag="653" ind1=" " ind2=" ">
    <subfield code="a">a</subfield>
  </datafield>
  <datafield tag="653" ind1=" " ind2=" ">
    <subfield code="a">Trastornos del aprendizaje</subfield>
  </datafield>
  <datafield tag="653" ind1=" " ind2=" ">
    <subfield code="a">Trastornos del comportamiento en ni&#xF1;os y adolescentes</subfield>
  </datafield>
  <datafield tag="653" ind1=" " ind2=" ">
    <subfield code="a">Trastornos del lenguaje</subfield>
  </datafield>
  <datafield tag="653" ind1=" " ind2=" ">
    <subfield code="a">Trastornos parox&#xED;sticos no epil&#xE9;pticos en los primeros a&#xF1;os</subfield>
  </datafield>
  <datafield tag="653" ind1=" " ind2=" ">
    <subfield code="a">Convulsiones y epilepsias del recien nacido</subfield>
  </datafield>
  <datafield tag="653" ind1=" " ind2=" ">
    <subfield code="a">Convulsiones y epilepsias del ni&#xF1;o  y adolescente</subfield>
  </datafield>
  <datafield tag="653" ind1=" " ind2=" ">
    <subfield code="a">Enfoque terap&#xE9;utico de las convulsiones agudas y de las epilepsias</subfield>
  </datafield>
  <datafield tag="653" ind1=" " ind2=" ">
    <subfield code="a">Trastornos del movimiento</subfield>
  </datafield>
  <datafield tag="653" ind1=" " ind2=" ">
    <subfield code="a">S&#xED;ndrome cerebeloso en la infancia</subfield>
  </datafield>
  <datafield tag="653" ind1=" " ind2=" ">
    <subfield code="a">Cefaleas en el ni&#xF1;o y adolescentes</subfield>
  </datafield>
  <datafield tag="653" ind1=" " ind2=" ">
    <subfield code="a">El sue&#xF1;o normal y trastornos del sue&#xF1;o</subfield>
  </datafield>
  <datafield tag="653" ind1=" " ind2=" ">
    <subfield code="a">Accidentes cerebrovasculares</subfield>
  </datafield>
  <datafield tag="653" ind1=" " ind2=" ">
    <subfield code="a">Infecciones del sistema nerviosos central</subfield>
  </datafield>
  <datafield tag="653" ind1=" " ind2=" ">
    <subfield code="a">Enfermedades autoinmunes e inflamatorias del sistema nervioso</subfield>
  </datafield>
  <datafield tag="653" ind1=" " ind2=" ">
    <subfield code="a">S&#xED;ndromes neurocut&#xE1;neos</subfield>
  </datafield>
  <datafield tag="653" ind1=" " ind2=" ">
    <subfield code="a">Patolog&#xED;a neuromuscular</subfield>
  </datafield>
  <datafield tag="653" ind1=" " ind2=" ">
    <subfield code="a">Traumatismo craneal. Depresi&#xF3;n del sensorio en el ni&#xF1;o</subfield>
  </datafield>
  <datafield tag="653" ind1=" " ind2=" ">
    <subfield code="a">Tumores del sistema nerviosos central</subfield>
  </datafield>
  <datafield tag="653" ind1=" " ind2=" ">
    <subfield code="a">Enfermedades Neurometab&#xF3;licas</subfield>
  </datafield>
  <datafield tag="653" ind1=" " ind2=" ">
    <subfield code="a">Enfermedades neurodegenerativas en pediatr&#xED;a</subfield>
  </datafield>
  <datafield tag="653" ind1=" " ind2=" ">
    <subfield code="a">El dolor en pediatr&#xED;a.Opciones terap&#xE9;uticas</subfield>
  </datafield>
  <datafield tag="700" ind1="1" ind2=" ">
    <subfield code="a">Arroyo, Hugo A.</subfield>
    <subfield code="9">459</subfield>
    <subfield code="e">Coord.</subfield>
  </datafield>
  <datafield tag="700" ind1="1" ind2=" ">
    <subfield code="a">Po&#xF3; Arg&#xFC;elles,Pilar</subfield>
    <subfield code="e">Coord.</subfield>
    <subfield code="9">2865</subfield>
  </datafield>
  <datafield tag="700" ind1="1" ind2=" ">
    <subfield code="a">Ruggieri,V&#xED;ctor</subfield>
    <subfield code="e">Coord.</subfield>
    <subfield code="9">2866</subfield>
  </datafield>
  <datafield tag="942" ind1=" " ind2=" ">
    <subfield code="2">ddc</subfield>
    <subfield code="c">BK</subfield>
  </datafield>
  <datafield tag="999" ind1=" " ind2=" ">
    <subfield code="c">2070</subfield>
    <subfield code="d">2070</subfield>
  </datafield>
  <datafield tag="952" ind1=" " ind2=" ">
    <subfield code="0">0</subfield>
    <subfield code="1">0</subfield>
    <subfield code="2">ddc</subfield>
    <subfield code="4">0</subfield>
    <subfield code="7">0</subfield>
    <subfield code="8">REF</subfield>
    <subfield code="a">BFM</subfield>
    <subfield code="b">BFM</subfield>
    <subfield code="c">REF</subfield>
    <subfield code="d">2014-02-05</subfield>
    <subfield code="e">PROMED 3er A&#xD1;O</subfield>
    <subfield code="g">515.00</subfield>
    <subfield code="l">0</subfield>
    <subfield code="o">616.8083 10 CAM</subfield>
    <subfield code="p">3210</subfield>
    <subfield code="r">2014-11-06</subfield>
    <subfield code="t">EJ. 1</subfield>
    <subfield code="w">2014-02-05</subfield>
    <subfield code="y">REF</subfield>
    <subfield code="z">LIBRO DE CONSULTA  COMPRA PROMED DIC. 2013</subfield>
  </datafield>
  <datafield tag="952" ind1=" " ind2=" ">
    <subfield code="0">0</subfield>
    <subfield code="1">0</subfield>
    <subfield code="2">ddc</subfield>
    <subfield code="4">0</subfield>
    <subfield code="7">0</subfield>
    <subfield code="a">BFM</subfield>
    <subfield code="b">BFM</subfield>
    <subfield code="c">CR</subfield>
    <subfield code="d">2014-02-05</subfield>
    <subfield code="e">PROMED 3er A&#xD1;O</subfield>
    <subfield code="g">515.00</subfield>
    <subfield code="l">13</subfield>
    <subfield code="m">4</subfield>
    <subfield code="o">616.8083 10 CAM</subfield>
    <subfield code="p">3211</subfield>
    <subfield code="r">2017-10-30</subfield>
    <subfield code="s">2017-10-26</subfield>
    <subfield code="t">Ej. 2</subfield>
    <subfield code="w">2014-02-05</subfield>
    <subfield code="y">BK</subfield>
    <subfield code="z">COMPRA PROMED DIC. 2013</subfield>
  </datafield>
  <datafield tag="952" ind1=" " ind2=" ">
    <subfield code="0">0</subfield>
    <subfield code="1">0</subfield>
    <subfield code="2">ddc</subfield>
    <subfield code="4">0</subfield>
    <subfield code="7">0</subfield>
    <subfield code="a">BFM</subfield>
    <subfield code="b">BFM</subfield>
    <subfield code="c">CR</subfield>
    <subfield code="d">2014-02-05</subfield>
    <subfield code="e">PROMED 3er A&#xD1;O</subfield>
    <subfield code="g">515.00</subfield>
    <subfield code="l">5</subfield>
    <subfield code="m">1</subfield>
    <subfield code="o">616.8083 10 CAM</subfield>
    <subfield code="p">3212</subfield>
    <subfield code="r">2021-03-26</subfield>
    <subfield code="s">2021-03-26</subfield>
    <subfield code="t">Ej. 3</subfield>
    <subfield code="w">2014-02-05</subfield>
    <subfield code="y">BK</subfield>
    <subfield code="z">COMPRA PROMED DIC. 2013</subfield>
  </datafield>
  <datafield tag="952" ind1=" " ind2=" ">
    <subfield code="0">0</subfield>
    <subfield code="1">0</subfield>
    <subfield code="2">ddc</subfield>
    <subfield code="4">0</subfield>
    <subfield code="7">0</subfield>
    <subfield code="a">BFM</subfield>
    <subfield code="b">BFM</subfield>
    <subfield code="c">CR</subfield>
    <subfield code="d">2014-02-05</subfield>
    <subfield code="e">PROMED 3er A&#xD1;O</subfield>
    <subfield code="g">515.00</subfield>
    <subfield code="l">9</subfield>
    <subfield code="o">616.8083 10 CAM</subfield>
    <subfield code="p">3213</subfield>
    <subfield code="r">2018-05-28</subfield>
    <subfield code="s">2018-05-23</subfield>
    <subfield code="t">Ej. 4</subfield>
    <subfield code="w">2014-02-05</subfield>
    <subfield code="y">BK</subfield>
    <subfield code="z">COMPRA PROMED DIC. 2013</subfield>
  </datafield>
</record>
